| 000 | 00404nam a2200157Ia 4500 | ||
|---|---|---|---|
| 008 | 210716s2003 xx 000 0 und d | ||
| 020 | _a9788131729151 | ||
| 041 | _aeng | ||
| 082 | _a657.046 SHUM | ||
| 100 | _aShukla, M C;Grewal, T S;Gupta, S C. | ||
| 245 | _aAdvanced accounts. | ||
| 250 | _a1 | ||
| 260 |
_aNew Delhi _bS Chand and Company Ltd _c2003 |
||
| 300 | _a32.8 | ||
| 650 | _aAccounting(657) | ||
| 999 |
_c197858 _d197858 |
||